Pekelný bůh - Na přání Lucifera

Saved in:
Bibliographic Details
Main Author Briggsová, Elizabeth
Format Electronic eBook
LanguageCzech
Published Cosmopolis 2026
Edition1. elektronické vydání
Subjects
Online AccessDostupné v BOOKPORT po přihlášení pomocí eduID
ISBN978-80-271-6539-1
978-80-271-6540-7
978-80-271-6108-9
Physical Description1 online zdroj (264 stran)

Cover

LEADER 00000nam a2200000 i 4500
001 bkp15234
003 CZ-prgp
005 20260522152431.0
006 m o d
007 cr cn
008 260522s2026 xr o 000 1 cze
020 |a 978-80-271-6539-1  |c 365 Kč  |q (online ; pdf) 
020 |a 978-80-271-6540-7  |c 365 Kč  |q (online ; epub) 
020 |a 978-80-271-6108-9  |c 429 Kč  |q (print) 
040 |a Grada  |b cze  |e rda 
100 1 |a Briggsová, Elizabeth 
245 1 0 |a Pekelný bůh - Na přání Lucifera  |c Elizabeth Briggsová 
250 |a 1. elektronické vydání 
264 1 |b Cosmopolis  |c 2026 
300 |a 1 online zdroj (264 stran) 
336 |a text  |b txt  |2 rdacontent 
337 |a počítač  |b c  |2 rdamedia 
338 |a online zdroj  |b cr  |2 rdacarrier 
520 3 |a Lucifer obětoval vše, aby zachránil svět. Před Hannou teď stojí nelehký úkol - nejenže musí zachránit svého milovaného ze spárů prastarého boha, ale navíc musí zastavit vzpouru, která hrozí zničit celý svět... 
650 0 4 |a Beletrie 
650 0 4 |a Sci-fi, fantasy 
650 0 4 |a Erotické romány 
650 0 4 |a Světová současná beletrie 
650 0 4 |a Young Adult, New Adult 
856 4 0 |u https://www.bookport.cz/AccountSaml/SignIn/?idp=https://shibboleth.utb.cz/idp/shibboleth&returnUrl=/kniha/pekelny-buh-na-prani-lucifera-16107/  |y Dostupné v BOOKPORT po přihlášení pomocí eduID